| 000 | 01103aam a2200313 4500 | ||
|---|---|---|---|
| 001 | 19150 | ||
| 003 | CO-MdFUSB | ||
| 005 | 20180622170410.0 | ||
| 008 | 170608t1964 enk||||f |||| 00| 0 eng d | ||
| 040 |
_aCO-MdFUSB _bspa _cCO-MdFUSB _dCO-MdFUSB _erda |
||
| 041 | _aeng | ||
| 082 |
_224 _aG 270.1092 _bV945f |
||
| 100 | 1 |
_aVon Campenhausen, Hans _eautor |
|
| 245 | 0 | 4 |
_aThe fathers of the Latin church _c/ Hans von Campenhausen ; Traducido por Manfred Hoffmann |
| 264 | 1 |
_aLondon : _bAdam & Charles Black, _c℗1964 |
|
| 264 | 4 | _c©1964 | |
| 300 |
_a328 páginas _b: _c22 cm. |
||
| 336 |
_2rdacontent _a1 _ba1 |
||
| 337 |
_2rdamedia _a2 _b5 |
||
| 338 |
_2rdacarrier _a2 _b5 |
||
| 501 | _aIncluye índices (páginas 326- 328) | ||
| 504 | _aBibliografía (páginas 316- 325) | ||
| 505 | 0 | 0 | _aLos padres de la iglesia latina y los griegos - Tertuliano - Cipriano - Lactancio - Ambrosío - Jerónimo - Agustino - Boecio |
| 534 |
_cLateinische kirchenväter _pTítulo original en alemán: |
||
| 563 | _aPasta dura | ||
| 650 | 7 |
_959 _aPadres de la Iglesia |
|
| 942 | _cBK | ||
| 999 |
_c45523 _d45523 |
||